Corte de metales

Сохранить в:
Библиографические подробности
Главный автор: Solorzano Saravia, José Luis (Автор)
Формат:
Язык:испанский
Опубликовано: Quilpué Universidad Católica de Valparaíso 1984
Предметы:
Метки: Добавить метку
Нет меток, Требуется 1-ая метка записи!

MARC

LEADER 00000nam a2200000 a 4500
001 UCL9037
003 CL-VaPUC
008 040716e19840000CL |||||||||||||||||spa|d
082 0 4 |a 671.35  |b SOL  |2 21 
100 0 |a Solorzano Saravia, José Luis  |e author  |9 486941 
245 1 0 |a Corte de metales 
300 |a 59 h 
942 |c BK 
945 |d 20040716 00:00:00  |a cmena 
260 |a Quilpué  |b Universidad Católica de Valparaíso  |c 1984 
650 7 |a TRABAJOS EN METAL  |2 CL-VaPUC  |9 268048 
650 7 |a CORTE DE METALES  |2 CL-VaPUC  |9 428074 
650 0 |a Máquinas herramientas  |9 262583 
650 0 |a Resistencia de materiales  |9 260095 
583 |a last modification  |c 20040716 00:00:00  |k Rodrigo Vera 
999 |c 310037  |d 310035